00727nam a2200217Ia 450000500170000000800410001702000150005804000560007304100080012910000350013724500890017226000430026130000160030449000330032065000270035365000230038065000320040365000200043570000190045576500350047420211112080601.0130821s1938 ag gr spa  a[sin ISBN] aCO-BoUCMbspacJose A. Gerena (modificó)d[Nuevo]00aspa1 aVerne, Jules Gabrield1828190514aLos hijos del capitán Grant cJules Verne ; traducción de Estrella Mirobnovela aBuenos Aires (Argentina)bSopenac1938 avolúmenes 0aBiblioteca mundial sopenav5 7aHistorias de aventuras 7aLiteratura europea 7aNovela de ciencia ficción 7aNovela francesa1 aMiro, Estrella1 tLes enfants du capitaine Grant